BSOP header

Understanding psychotherapy : (Record no. 45026)

MARC details
000 -LEADER
fixed length control field 00728cam a2200265 a 4500
001 - CONTROL NUMBER
control field 4330919
005 - DATE AND TIME OF LATEST TRANSACTION
control field 20181218085119.0
008 - FIXED-LENGTH DATA ELEMENTS--GENERAL INFORMATION
fixed length control field 880428s1988 nyua b 001 0 eng
010 ## - LIBRARY OF CONGRESS CONTROL NUMBER
LC control number 88047763
020 ## - INTERNATIONAL STANDARD BOOK NUMBER
International Standard Book Number 0465088635
040 ## - CATALOGING SOURCE
Original cataloging agency DLC
Transcribing agency DLC
Modifying agency DLC
100 1# - MAIN ENTRY--PERSONAL NAME
Personal name Basch, Michael Franz.
245 10 - TITLE STATEMENT
Title Understanding psychotherapy :
Remainder of title the science behind the art /
Statement of responsibility, etc Michael Franz Basch.
260 ## - PUBLICATION, DISTRIBUTION, ETC. (IMPRINT)
Place of publication, distribution, etc New York :
Name of publisher, distributor, etc Basic Books,
Date of publication, distribution, etc c1988.
300 ## - PHYSICAL DESCRIPTION
Extent xvii, 329 p. :
Other physical details ill. ;
Dimensions 25 cm.
336 ## - CONTENT TYPE
Content Type Term text
337 ## - MEDIA TYPE
Media Type Term unmediated
338 ## - CARRIER TYPE
Carrier Type Term volume
500 ## - GENERAL NOTE
General note Includes index.
504 ## - BIBLIOGRAPHY, ETC. NOTE
Bibliography, etc Bibliography: p. [315]-319.
650 #0 - SUBJECT ADDED ENTRY--TOPICAL TERM
Topical term or geographic name as entry element Psychotherapy.
650 #0 - SUBJECT ADDED ENTRY--TOPICAL TERM
Topical term or geographic name as entry element Self.
650 #0 - SUBJECT ADDED ENTRY--TOPICAL TERM
Topical term or geographic name as entry element Self-esteem.
942 ## - ADDED ENTRY ELEMENTS (KOHA)
Source of classification or shelving scheme Library of Congress Classification
Item type Books
Holdings
Withdrawn status Lost status Source of classification or shelving scheme Damaged status Not for loan Home library Current library Shelving location Date acquired Source of acquisition Inventory number Total Checkouts Full call number Barcode Date last seen Price effective from Koha item type
    Library of Congress Classification     BSOP Library BSOP Library GC 12/18/2018 Donated by Dr. William and Mariel Kirwan 44593   RC480 B29 1988 00055593 12/18/2018 12/18/2018 Books
BSOP

Biblical Seminary of the Philippines
  All rights Reserved
  © 2024

CONTACT INFORMATION

Biblical Seminary of the Philippines,
  77-B Karuhatan Road, Valenzuela City,
  PHILIPPINES 1441
  Phone: +632 8292-6795 / 8292-6798
  Fax : +632 8292-6675
  Email: library@bsop.edu.ph